LEADER 03643nam 2200649 a 450 001 9910779729203321 005 20230914203406.0 010 $a3-11-029267-X 024 7 $a10.1515/9783110292671 035 $a(CKB)2550000001097007 035 $a(EBL)893302 035 $a(OCoLC)851969954 035 $a(SSID)ssj0000951072 035 $a(PQKBManifestationID)11522097 035 $a(PQKBTitleCode)TC0000951072 035 $a(PQKBWorkID)10884650 035 $a(PQKB)10623876 035 $a(MiAaPQ)EBC893302 035 $a(DE-B1597)177925 035 $a(OCoLC)853237924 035 $a(DE-B1597)9783110292671 035 $a(Au-PeEL)EBL893302 035 $a(CaPaEBR)ebr10728941 035 $a(CaONFJC)MIL503541 035 $a(EXLCZ)992550000001097007 100 $a20130621d2013 uy 0 101 0 $aeng 135 $aur|n|---||||| 181 $ctxt$2rdacontent 182 $cc$2rdamedia 183 $acr$2rdacarrier 200 10$aAlignment and ergativity in new Indo-Aryan languages /$fSaartje Verbeke 210 1$aBerlin :$cDe Gruyter Mouton,$d2013. 215 $a1 online resource (332 pages) 225 1 $aEmpirical approaches to language typology,$x0933-761X ;$vv. 51 300 $aOriginally presented as the author's thesis (doctoral--Ghent University, 2011). 311 0 $a3-11-029253-X 311 0 $a1-299-72290-3 320 $aIncludes bibliographical references (p. [296]-315) and indexes. 327 $tFrontmatter --$tContents --$tAcknowledgments --$tList of Abbreviations --$tIntroduction --$t1 Theoretical preliminaries --$t2 Indo-Aryan --$t3 Eastern Indo-Aryan: Asamiya --$t4 Northern Indo-Aryan: Nepali --$t5 Western Indo-Aryan: Kashmiri --$t6 Central Indo-Aryan: Rajasthani --$t7 Conclusion --$t8 Appendix --$t9 References --$tIndex of subjects --$tIndex of languages 330 $aThe volume investigates the different alignment patterns in Indo-Aryan and shows that the variation of alignment patterns in Indo-Aryan goes beyond the opposition between accusativity and ergativity. The book includes a thorough discussion of the concepts and terminology relating to alignment patterns. The study draws extensively on new language data from Indo-Aryan. It includes discussions of examples taken from Hindi, Sanskrit, Apabhramsa, Asamiya, Bangla, Oriya, the Bihari languages, Nepali, Kashmiri, Sindhi, Siraiki, Poguli, Gujarati, Punjabi, Marwari, Harauti, the Hindi varieties, and Shina. The volume offers a comprehensive overview of various alignment patterns in Indo-Aryan based on a wide range of data. By focusing on lesser known Indo-Aryan languages, the study questions the central position of Hindi-Urdu in the research on ergativity. Each language is treated in its own right, with a focus on language-specific data and analyses, rather than relying on a notional format that starts with pre-established linguistic concepts. In accordance with this methodology, much attention is paid to "indirect" connections between ergative constructions and other syntactic and semantic patterns in the various languages. 410 0$aEmpirical approaches to language typology ;$v51. 606 $aIndo-Aryan languages$xGrammar 610 $aCase Theory. 610 $aErgativity. 610 $aIndo-Ayran Languages. 610 $aLanguage Typology. 615 0$aIndo-Aryan languages$xGrammar. 676 $a491/.1 700 $aVerbeke$b Saartje$0714280 801 0$bMiAaPQ 801 1$bMiAaPQ 801 2$bMiAaPQ 906 $aBOOK 912 $a9910779729203321 996 $aAlignment and ergativity in new Indo-Aryan languages$91322987 997 $aUNINA LEADER 05166nam 22007335 450 001 9910678254303321 005 20251008142021.0 010 $a3-031-15848-2 024 7 $a10.1007/978-3-031-15848-3 035 $a(MiAaPQ)EBC7210728 035 $a(Au-PeEL)EBL7210728 035 $a(CKB)26240846800041 035 $a(DE-He213)978-3-031-15848-3 035 $a(PPN)269098232 035 $a(EXLCZ)9926240846800041 100 $a20230306d2023 u| 0 101 0 $aeng 135 $aurcnu|||||||| 181 $ctxt$2rdacontent 182 $cc$2rdamedia 183 $acr$2rdacarrier 200 10$aMalarial Drug Delivery Systems $eAdvances in Treatment of Infectious Diseases /$fedited by Ranjita Shegokar, Yashwant Pathak 205 $a1st ed. 2023. 210 1$aCham :$cSpringer International Publishing :$cImprint: Springer,$d2023. 215 $a1 online resource (395 pages) 311 08$aPrint version: Shegokar, Ranjita Malarial Drug Delivery Systems Cham : Springer International Publishing AG,c2023 9783031158476 320 $aIncludes bibliographical references and index. 327 $aMalaria: Cellular Understanding of Disease -- Drug Resistance, Statistics and Patent Status -- Malaria: Current Treatment Options -- Polymeric Nanoparticles in Malaria -- Solid Lipid Nanoparticles in Malaria -- Dendrimers in Malaria -- Liposomes in Malaria -- Micro and Nano Emulsions in Malaria -- Nanosuspension in Malaria -- Alginate and Gelatin Nanoparticles in Malaria -- Niosomes in Malaria -- Metal Nanoparticles in Malaria -- Nanotechnology in Malaria Diagnosis -- Nanotechnology-based Vaccination -- Herbal Platforms in Malaria -- Surface-modified Drug Delivery Systems in Malaria,- Clinical Trials in Malaria -- Malaria-Overall Picture -- New Drugs in Synthesis Research for Malaria -- Disease Models In Malaria Research. 330 $aThe disability-adjusted life year (DALY) is a generic measure of health effect that can be used in cost-effectiveness analysis as an alternative to the quality-adjusted life year (QALY). Infectious diseases are one of the major to cause of significant losses of DALY and QALY. Human infectious diseases are disorders that are triggered by the micro-organisms such as bacteria, fungi, viruses, or parasites. The majority of such diseases are contagious and create a public health menace. There are several reasons why infectious diseases are deadly diseases, and one of the primary reasons is the drug resistance developed over time. Drug resistance-associated mutations are linked to increasing drug efflux, modifications of the drugs, or their targets. Every year, new drugs are being approved by FDA to treat infectious diseases. Nonetheless, infectious diseases will undoubtedly persist as permanent and main threats to humanity for now and in the future, primarily due to increased longevity thatalmost always comes at the cost of impaired immunity. A total of four books are covered under the series of Infectious drug diseases. - Malarial drug delivery systems - Tubercular drug delivery systems - Viral drug delivery systems - Infectious disease drug delivery systems The theme of the first book is Malaria. This book compiles the complete road map of malarial drug delivery systems by understanding the pathophysiology of the disease, the current state of malaria across the globe, new clinical trials, emerging drugs, and the development of novel drug delivery platforms. Various novel micro-and nano-formulations using promising technologies are being explored to deliver the malarial drug via different administration routes. This book addresses the gap between new approaches and old treatment modalities and how the former is superior in pharmacological performance when tested in in-vitro and in-vivo. Audiences from a broad range of groups, from researchers, academicians, and public health bodies to regulatory experts, can benefit from the compiled information to learn more about patient needs and current research advances in the field of malarial research. 606 $aDrug delivery systems 606 $aNanobiotechnology 606 $aPharmaceutical chemistry 606 $aTropical medicine 606 $aPharmacology 606 $aMedical microbiology 606 $aDrug Delivery 606 $aNanobiotechnology 606 $aPharmaceutics 606 $aTropical Medicine 606 $aPharmacology 606 $aMedical Microbiology 615 0$aDrug delivery systems. 615 0$aNanobiotechnology. 615 0$aPharmaceutical chemistry. 615 0$aTropical medicine. 615 0$aPharmacology. 615 0$aMedical microbiology. 615 14$aDrug Delivery. 615 24$aNanobiotechnology. 615 24$aPharmaceutics. 615 24$aTropical Medicine. 615 24$aPharmacology. 615 24$aMedical Microbiology. 676 $a615.6 676 $a616.9362061 702 $aShegokar$b Ranjita 702 $aPathak$b Yashwant 801 0$bMiAaPQ 801 1$bMiAaPQ 801 2$bMiAaPQ 906 $aBOOK 912 $a9910678254303321 996 $aMalarial Drug Delivery Systems$93373336 997 $aUNINA